000 00304nam a2200133Ia 4500
008 230917s9999||||xx |||||||||||||| ||und||
040 _e107565
_aMAIN
041 _aEnglish
082 _a820.3
100 _aUrmil
245 0 _aQuest for self in Indian English fiction
300 _a250 p.
942 _cTH
999 _c89396
_d89396